{"text_format":"3","workbook":"xls","n_sheets":1,"sheets":["Sheet1"],"read":"whole","date_system":"1900","formulas":"cached_only"}

{"sheet":"Sheet1","index":0,"n_rows":317,"n_cols":10,"rows_kept":317,"merged":[[0,0,0,9],[1,0,1,9],[3,0,10,0],[3,1,10,1],[3,2,9,2],[3,9,10,9],[11,0,18,0],[11,1,18,1],[11,2,17,2],[11,9,17,9],[20,0,47,0],[20,1,47,1],[20,2,24,2],[20,9,47,9],[25,2,27,2],[29,2,30,2],[32,2,34,2],[42,2,43,2],[44,2,46,2],[47,2,47,4],[48,0,48,9],[49,0,76,0],[49,1,76,1],[49,2,53,2],[49,9,76,9],[54,2,56,2],[58,2,59,2],[61,2,63,2],[71,2,72,2],[73,2,75,2],[76,2,76,4],[77,0,77,9],[78,0,105,0],[78,1,105,1],[78,2,82,2],[78,9,105,9],[83,2,85,2],[87,2,88,2],[90,2,92,2],[100,2,101,2],[102,2,104,2],[105,2,105,4],[106,0,106,9],[107,0,134,0],[107,1,134,1],[107,2,111,2],[107,9,134,9],[112,2,114,2],[116,2,117,2],[119,2,121,2],[129,2,130,2],[131,2,133,2],[134,2,134,4],[135,0,135,9],[136,0,163,0],[136,1,163,1],[136,2,140,2],[136,9,163,9],[141,2,143,2],[145,2,146,2],[148,2,150,2],[158,2,159,2],[160,2,162,2],[163,2,163,4],[165,0,192,0],[165,1,192,1],[165,2,169,2],[165,9,192,9],[170,2,172,2],[174,2,175,2],[177,2,179,2],[187,2,188,2],[189,2,191,2],[192,2,192,4],[193,0,193,9],[194,0,221,0],[194,1,221,1],[194,2,198,2],[194,9,221,9],[199,2,201,2],[203,2,204,2],[206,2,208,2],[216,2,217,2],[218,2,220,2],[221,2,221,4],[222,0,222,9],[223,0,250,0],[223,1,250,1],[223,2,227,2],[223,9,250,9],[228,2,230,2],[232,2,233,2],[235,2,237,2],[245,2,246,2],[247,2,249,2],[250,2,250,4],[251,0,278,0],[251,1,278,1],[251,2,255,2],[251,9,278,9],[256,2,258,2],[260,2,261,2],[263,2,265,2],[273,2,274,2],[275,2,277,2],[278,2,278,4],[279,0,306,0],[279,1,306,1],[279,2,283,2],[279,9,306,9],[284,2,286,2],[288,2,289,2],[291,2,293,2],[301,2,302,2],[303,2,305,2],[306,2,306,4],[308,0,309,0],[308,1,309,1],[309,2,309,4],[311,0,314,0],[311,1,314,1],[311,2,313,2],[311,9,314,9],[314,2,314,4]],"flags":["formulas_cached_only"]}
["防排水劳务综合单价及工程量清单（附表）"]
["注：该清单工程量为暂定工程量，实际工程量以设计及业主最终确认并实施验收合格工程量为准，如因工程进度原因在完成招投标签订合同前实施的工程量将在清单中予以扣除，不计入最终结算。"]
["标段","施工项目","项目名称","子目号","子目名称","单位","数量","劳务单价","合价","备注"]
["01标","1、基础开挖、回填及土方运输；                2、垫层施工（含材料）；                3、浆砌片石砌筑（含片石、砂浆等）  4、模板安装及拆除；                      5、钢筋加工及安装                         6、沉降缝设置及泄水孔施工\n7、土工复合排水垫购买及安装","挡土墙","209-1-a","砂砾垫层","m3",3155.6,135,426006,"砼、钢筋由甲方提供，其他材料及机械设备等均由乙方负责"]
[{"$nulls":3},"209-2-a-2","M7.5浆砌片石锥坡","m3",565.52,335,189449]
[{"$nulls":3},"209-3-a-2","M7.5浆砌片石挡土墙","m3",730,325,237250]
[{"$nulls":3},"209-5-a-2","C20砼挡土墙","m3",9597.4,200,1919480]
[{"$nulls":3},"209-6-a-1","C25砼路肩防撞墙","m3",144,280,40320]
[{"$nulls":3},"209-6-a-3","C35砼路肩防撞墙","m3",169.7,280,47516]
[{"$nulls":3},"209-6-b-2","带肋钢筋（HRB400、HRB500）","kg",49389.5,0.9,44451]
[null,null,"合计",{"$nulls":5},2904472]
["02标","1、预制块模具采购，预制块的生产及养护；              2、预制块的运输至施工现场","小构件预制","207-1-d-1","边沟接头梳型预制块","m3",54.64,380,20763,"砼由甲方提供，其他材料及机械设备等由乙方负责"]
[{"$nulls":3},"207-2-d-1","排水沟A、B型预制块","m3",3586.54,420,1506347]
[{"$nulls":3},"207-4-d-1","平台沟预制","m3",165.9,320,53088]
[{"$nulls":3},"208-4-b-1","六棱块预制","m3",32,380,12160]
[{"$nulls":3},"208-4-d-1","人字骨架预制","m3",2235.9,380,849642]
[{"$nulls":3},"208-4-d-1","肋式拱型护坡预制","m3",392.78,380,149256]
[{"$nulls":3},"207-7-c-1","C20预制实心六棱块","m3",7912.79,380,3006860]
[null,null,"合计",{"$nulls":5},5598116]
[]
["03标（K0+000-K03+500）","1、边沟土石方开挖、回填及整平，浆砌片石的砌筑（片石、砂浆由乙方负责），模板安装及拆除，预制块的搬运及安装，砼浇筑及养护，盲沟施工（碎石、土工布由乙方负责），软式透水管安装（透水管由乙方负责）；           2、急流槽土石方开挖、回填及整平，浆砌片石砌筑（片石、砂浆由乙方负责），水泥砖的砌筑（水泥砖、砂浆由乙方负责），模板安装及拆除，砼浇筑及养护，伸缩缝的设置等；                  3、平台沟的土石方开挖及整平，预制块安装及搬运，平台沟上侧砂浆抹面（砂浆由乙方提供）；                 4、肋式骨架、人字骨架、六棱块等土石方开挖及回填、预制块的安装、搬运及预制块内的种植土填充；                   5、满砌护坡的土石方开挖及整平，片石砌筑（片石、砂浆由乙方负责）、勾缝及养护。                   6、排水沟土石方开挖及整平，片石砌筑（片石、砂浆由乙方负责）、勾缝及养护，模板安装及拆除，砼浇筑及养护，预制块的安装及搬运。","边沟","207-1-a-2","边沟M7.5浆砌片石","m3",22.06,335,7390,"砼、预制块由甲方提供，其他材料及设备由乙方负责"]
[{"$nulls":3},"207-1-c-2","边沟C20现浇砼","m3",1178.18,225,265091]
[{"$nulls":3},"207-1-d-1","边沟梳型预制块安装","m3",2.94,80,235]
[{"$nulls":3},"207-1-e-201","边沟C25安装砼盖板","m3",74,80,5920]
[{"$nulls":3},"207-1-g-2","边沟M7.5浆砌水泥砖","m3",85.3,470,40091]
[null,null,"急流槽（边沟、平台沟）","207-4-b-2","急流槽M7.5浆砌片石","m3",327.08,360,117749]
[{"$nulls":3},"207-4-c-2","急流槽C20现浇砼","m3",0,260,0]
[{"$nulls":3},"207-4-e-2","急流槽M7.5浆砌水泥砖","m3",0,500,0]
[null,null,"平台沟","207-4-d-1","平台沟C20安装砼","m3",0,150,0]
[null,null,"肋式拱型防护","208-3-a","满铺浆砌片石护坡","m3",0,360,0]
[{"$nulls":3},"208-4-d-1","肋式拱型预制块安装","m3",0,130,0]
[null,null,"实体式护面墙","208-3-a","满铺浆砌片石护坡","m3",0,340,0]
[null,null,"涵洞口防护及接沟","207-7-a-2","M7.5浆砌片石铺砌","m3",1144,320,366080]
[{"$nulls":3},"207-7-b-3","C25现浇砼铺砌","m3",59,120,7080]
[{"$nulls":3},"207-7-c-1","C20预制六棱块安装","m3",1511.2,130,196456]
[null,null,"路面急流槽","207-4-c-1","C15现浇砼","m3",28.43,260,7392]
[null,null,"垒石渗水脚趾","208-2","干砌片石护坡","m3",392,270,105840]
[null,null,"桥头护坡(浆砌片石满铺）","208-3-a","满铺浆砌片石护坡","m3",187,335,62645]
[null,null,"水塘、水库、湿地护坡A","208-3-a","满铺浆砌片石护坡","m3",0,335,0]
[null,null,"人字骨架基础","208-3-a","满铺浆砌片石护坡","m3",411.4,335,137819]
[null,null,"桥头护坡（六棱块）基础","208-3-a","满铺浆砌片石护坡","m3",25.4,335,8509]
[null,null,"桥头护坡","208-3-c-2","C20现浇砼","m3",54,230,12420]
[null,null,"下边坡防护","208-4-b-1","桥头护坡（六棱块）安装","m3",6.2,130,806]
[{"$nulls":3},"208-4-d-1","人字骨架护坡安装","m3",519.4,130,67522]
[null,null,"排水沟","207-2-a-2","M7.5浆砌片石","m3",4932.9,340,1677186]
[{"$nulls":3},"207-2-c-2","C20现浇砼","m3",0,225,0]
[{"$nulls":3},"207-2-d-1","C20预制安装砼","m3",522.71,100,52271]
[null,null,"合计",{"$nulls":5},3138502]
[]
["04标K3+500-K05+000\n(含连接线)","1、边沟土石方开挖、回填及整平，浆砌片石的砌筑（片石、砂浆由乙方负责），模板安装及拆除，预制块的搬运及安装，砼浇筑及养护，盲沟施工（碎石、土工布由乙方负责），软式透水管安装（透水管由乙方负责）；           2、急流槽土石方开挖、回填及整平，浆砌片石砌筑（片石、砂浆由乙方负责），水泥砖的砌筑（水泥砖、砂浆由乙方负责），模板安装及拆除，砼浇筑及养护，伸缩缝的设置等；                  3、平台沟的土石方开挖及整平，预制块安装及搬运，平台沟上侧砂浆抹面（砂浆由乙方提供）；                 4、肋式骨架、人字骨架、六棱块等土石方开挖及回填、预制块的安装、搬运及预制块内的种植土填充；                   5、满砌护坡的土石方开挖及整平，片石砌筑（片石、砂浆由乙方负责）、勾缝及养护。                   6、排水沟土石方开挖及整平，片石砌筑（片石、砂浆由乙方负责）、勾缝及养护，模板安装及拆除，砼浇筑及养护，预制块的安装及搬运。","边沟","207-1-a-2","边沟M7.5浆砌片石","m3",41.73,335,13980,"砼、预制块由甲方提供，其他材料及设备由乙方负责"]
[{"$nulls":3},"207-1-c-2","边沟C20现浇砼","m3",2146.1,225,482873]
[{"$nulls":3},"207-1-d-1","边沟梳型预制块安装","m3",5.67,80,454]
[{"$nulls":3},"207-1-e-201","边沟C25安装砼盖板","m3",137.9,80,11032]
[{"$nulls":3},"207-1-g-2","边沟M7.5浆砌水泥砖","m3",158.9,470,74683]
[null,null,"急流槽（边沟、平台沟）","207-4-b-2","急流槽M7.5浆砌片石","m3",163.54,360,58874]
[{"$nulls":3},"207-4-c-2","急流槽C20现浇砼","m3",0,260,0]
[{"$nulls":3},"207-4-e-2","急流槽M7.5浆砌水泥砖","m3",0,500,0]
[null,null,"平台沟","207-4-d-1","平台沟C20安装砼","m3",0,150,0]
[null,null,"肋式拱型防护","208-3-a","满铺浆砌片石护坡","m3",39,360,14040]
[{"$nulls":3},"208-4-d-1","肋式拱型预制块安装","m3",40,130,5200]
[null,null,"实体式护面墙","208-3-a","满铺浆砌片石护坡","m3",0,340,0]
[null,null,"涵洞口防护及接沟","207-7-a-2","M7.5浆砌片石铺砌","m3",572,320,183040]
[{"$nulls":3},"207-7-b-3","C25现浇砼铺砌","m3",28.9,120,3468]
[{"$nulls":3},"207-7-c-1","C20预制六棱块安装","m3",520,130,67600]
[null,null,"路面急流槽","207-4-c-1","C15现浇砼","m3",23.942,260,6225]
[null,null,"垒石渗水脚趾","208-2","干砌片石护坡","m3",0,270,0]
[null,null,"桥头护坡(浆砌片石满铺）","208-3-a","满铺浆砌片石护坡","m3",103,335,34505]
[null,null,"水塘、水库、湿地护坡A","208-3-a","满铺浆砌片石护坡","m3",0,335,0]
[null,null,"人字骨架基础","208-3-a","满铺浆砌片石护坡","m3",133.6,335,44756]
[null,null,"桥头护坡（六棱块）基础","208-3-a","满铺浆砌片石护坡","m3",17.8,335,5963]
[null,null,"桥头护坡","208-3-c-2","C20现浇砼","m3",31.5,230,7245]
[null,null,"下边坡防护","208-4-b-1","桥头护坡（六棱块）安装","m3",2.7,130,351]
[{"$nulls":3},"208-4-d-1","人字骨架护坡安装","m3",204.2,130,26546]
[null,null,"排水沟","207-2-a-2","M7.5浆砌片石","m3",4745.31,340,1613405]
[{"$nulls":3},"207-2-c-2","C20现浇砼","m3",122.4,225,27540]
[{"$nulls":3},"207-2-d-1","C20预制安装砼","m3",632.75,100,63275]
[null,null,"合计",{"$nulls":5},2745055]
[]
["05标K05+000-K07+500","1、边沟土石方开挖、回填及整平，浆砌片石的砌筑（片石、砂浆由乙方负责），模板安装及拆除，预制块的搬运及安装，砼浇筑及养护，盲沟施工（碎石、土工布由乙方负责），软式透水管安装（透水管由乙方负责）；           2、急流槽土石方开挖、回填及整平，浆砌片石砌筑（片石、砂浆由乙方负责），水泥砖的砌筑（水泥砖、砂浆由乙方负责），模板安装及拆除，砼浇筑及养护，伸缩缝的设置等；                  3、平台沟的土石方开挖及整平，预制块安装及搬运，平台沟上侧砂浆抹面（砂浆由乙方提供）；                 4、肋式骨架、人字骨架、六棱块等土石方开挖及回填、预制块的安装、搬运及预制块内的种植土填充；                   5、满砌护坡的土石方开挖及整平，片石砌筑（片石、砂浆由乙方负责）、勾缝及养护。                   6、排水沟土石方开挖及整平，片石砌筑（片石、砂浆由乙方负责）、勾缝及养护，模板安装及拆除，砼浇筑及养护，预制块的安装及搬运。","边沟","207-1-a-2","边沟M7.5浆砌片石","m3",39.71,335,13303,"砼、预制块由甲方提供，其他材料及设备由乙方负责"]
[{"$nulls":3},"207-1-c-2","边沟C20现浇砼","m3",1304.2,225,293445]
[{"$nulls":3},"207-1-d-1","边沟梳型预制块安装","m3",5.39,80,431]
[{"$nulls":3},"207-1-e-201","边沟C25安装砼盖板","m3",84,80,6720]
[{"$nulls":3},"207-1-g-2","边沟M7.5浆砌水泥砖","m3",96.9,470,45543]
[null,null,"急流槽（边沟、平台沟）","207-4-b-2","急流槽M7.5浆砌片石","m3",0,360,0]
[{"$nulls":3},"207-4-c-2","急流槽C20现浇砼","m3",0,260,0]
[{"$nulls":3},"207-4-e-2","急流槽M7.5浆砌水泥砖","m3",0,500,0]
[null,null,"平台沟","207-4-d-1","平台沟C20安装砼","m3",0,150,0]
[null,null,"肋式拱型防护","208-3-a","满铺浆砌片石护坡","m3",0,360,0]
[{"$nulls":3},"208-4-d-1","肋式拱型预制块安装","m3",0,130,0]
[null,null,"实体式护面墙","208-3-a","满铺浆砌片石护坡","m3",0,340,0]
[null,null,"涵洞口防护及接沟","207-7-a-2","M7.5浆砌片石铺砌","m3",616,320,197120]
[{"$nulls":3},"207-7-b-3","C25现浇砼铺砌","m3",34.6,120,4152]
[{"$nulls":3},"207-7-c-1","C20预制六棱块安装","m3",687.3,130,89349]
[null,null,"路面急流槽","207-4-c-1","C15现浇砼","m3",17.258,260,4487]
[null,null,"垒石渗水脚趾","208-2","干砌片石护坡","m3",931,270,251370]
[null,null,"桥头护坡(浆砌片石满铺）","208-3-a","满铺浆砌片石护坡","m3",81.4,335,27269]
[null,null,"水塘、水库、湿地护坡A","208-3-a","满铺浆砌片石护坡","m3",1580.1,335,529334]
[null,null,"人字骨架基础","208-3-a","满铺浆砌片石护坡","m3",170.7,335,57185]
[null,null,"桥头护坡（六棱块）基础","208-3-a","满铺浆砌片石护坡","m3",0,335,0]
[null,null,"桥头护坡","208-3-c-2","C20现浇砼","m3",18,230,4140]
[null,null,"下边坡防护","208-4-b-1","桥头护坡（六棱块）安装","m3",0,130,0]
[{"$nulls":3},"208-4-d-1","人字骨架护坡安装","m3",208.1,130,27053]
[null,null,"排水沟","207-2-a-2","M7.5浆砌片石","m3",2553.7,340,868258]
[{"$nulls":3},"207-2-c-2","C20现浇砼","m3",0,225,0]
[{"$nulls":3},"207-2-d-1","C20预制安装砼","m3",304.52,100,30452]
[null,null,"合计",{"$nulls":5},2449611]
[]
["06标K7+500-K10+000","1、边沟土石方开挖、回填及整平，浆砌片石的砌筑（片石、砂浆由乙方负责），模板安装及拆除，预制块的搬运及安装，砼浇筑及养护，盲沟施工（碎石、土工布由乙方负责），软式透水管安装（透水管由乙方负责）；           2、急流槽土石方开挖、回填及整平，浆砌片石砌筑（片石、砂浆由乙方负责），水泥砖的砌筑（水泥砖、砂浆由乙方负责），模板安装及拆除，砼浇筑及养护，伸缩缝的设置等；                  3、平台沟的土石方开挖及整平，预制块安装及搬运，平台沟上侧砂浆抹面（砂浆由乙方提供）；                 4、肋式骨架、人字骨架、六棱块等土石方开挖及回填、预制块的安装、搬运及预制块内的种植土填充；                   5、满砌护坡的土石方开挖及整平，片石砌筑（片石、砂浆由乙方负责）、勾缝及养护。                   6、排水沟土石方开挖及整平，片石砌筑（片石、砂浆由乙方负责）、勾缝及养护，模板安装及拆除，砼浇筑及养护，预制块的安装及搬运。","边沟","207-1-a-2","边沟M7.5浆砌片石","m3",52.01,335,17423,"砼、预制块由甲方提供，其他材料及设备由乙方负责"]
[{"$nulls":3},"207-1-c-2","边沟C20现浇砼","m3",2066.78,225,465026]
[{"$nulls":3},"207-1-d-1","边沟梳型预制块安装","m3",7.1,80,568]
[{"$nulls":3},"207-1-e-201","边沟C25安装砼盖板","m3",136.57,80,10926]
[{"$nulls":3},"207-1-g-2","边沟M7.5浆砌水泥砖","m3",157.15,470,73861]
[null,null,"急流槽（边沟、平台沟）","207-4-b-2","急流槽M7.5浆砌片石","m3",0,360,0]
[{"$nulls":3},"207-4-c-2","急流槽C20现浇砼","m3",0,260,0]
[{"$nulls":3},"207-4-e-2","急流槽M7.5浆砌水泥砖","m3",0,500,0]
[null,null,"平台沟","207-4-d-1","平台沟C20安装砼","m3",0,150,0]
[null,null,"肋式拱型防护","208-3-a","满铺浆砌片石护坡","m3",77,360,27720]
[{"$nulls":3},"208-4-d-1","肋式拱型预制块安装","m3",92,130,11960]
[null,null,"实体式护面墙","208-3-a","满铺浆砌片石护坡","m3",0,340,0]
[null,null,"涵洞口防护及接沟","207-7-a-2","M7.5浆砌片石铺砌","m3",660,320,211200]
[{"$nulls":3},"207-7-b-3","C25现浇砼铺砌","m3",36,120,4320]
[{"$nulls":3},"207-7-c-1","C20预制六棱块安装","m3",667.8,130,86814]
[null,null,"路面急流槽","207-4-c-1","C15现浇砼","m3",9.38,260,2439]
[null,null,"垒石渗水脚趾","208-2","干砌片石护坡","m3",0,270,0]
[null,null,"桥头护坡(浆砌片石满铺）","208-3-a","满铺浆砌片石护坡","m3",120.3,335,40301]
[null,null,"水塘、水库、湿地护坡A","208-3-a","满铺浆砌片石护坡","m3",1465.1,335,490809]
[null,null,"人字骨架基础","208-3-a","满铺浆砌片石护坡","m3",127.9,335,42847]
[null,null,"桥头护坡（六棱块）基础","208-3-a","满铺浆砌片石护坡","m3",35.2,335,11792]
[null,null,"桥头护坡","208-3-c-2","C20现浇砼","m3",36,230,8280]
[null,null,"下边坡防护","208-4-b-1","桥头护坡（六棱块）安装","m3",23,130,2990]
[{"$nulls":3},"208-4-d-1","人字骨架护坡安装","m3",160.3,130,20839]
[null,null,"排水沟","207-2-a-2","M7.5浆砌片石","m3",4222.98,340,1435813]
[{"$nulls":3},"207-2-c-2","C20现浇砼","m3",0,225,0]
[{"$nulls":3},"207-2-d-1","C20预制安装砼","m3",580.37,100,58037]
[null,null,"合计",{"$nulls":5},3023965]
[]
["07标K10+000-K14+770","1、边沟土石方开挖、回填及整平，浆砌片石的砌筑（片石、砂浆由乙方负责），模板安装及拆除，预制块的搬运及安装，砼浇筑及养护，盲沟施工（碎石、土工布由乙方负责），软式透水管安装（透水管由乙方负责）；           2、急流槽土石方开挖、回填及整平，浆砌片石砌筑（片石、砂浆由乙方负责），水泥砖的砌筑（水泥砖、砂浆由乙方负责），模板安装及拆除，砼浇筑及养护，伸缩缝的设置等；                  3、平台沟的土石方开挖及整平，预制块安装及搬运，平台沟上侧砂浆抹面（砂浆由乙方提供）；                 4、肋式骨架、人字骨架、六棱块等土石方开挖及回填、预制块的安装、搬运及预制块内的种植土填充；                   5、满砌护坡的土石方开挖及整平，片石砌筑（片石、砂浆由乙方负责）、勾缝及养护。                   6、排水沟土石方开挖及整平，片石砌筑（片石、砂浆由乙方负责）、勾缝及养护，模板安装及拆除，砼浇筑及养护，预制块的安装及搬运。","边沟","207-1-a-2","边沟M7.5浆砌片石","m3",47.71000000000001,335,15983,"砼、预制块由甲方提供，其他材料及设备由乙方负责"]
[{"$nulls":3},"207-1-c-2","边沟C20现浇砼","m3",1799.1299999999997,225,404804]
[{"$nulls":3},"207-1-d-1","边沟梳型预制块安装","m3",6.380000000000001,80,510]
[{"$nulls":3},"207-1-e-201","边沟C25安装砼盖板","m3",131.1,80,10488]
[{"$nulls":3},"207-1-g-2","边沟M7.5浆砌水泥砖","m3",133.20000000000002,470,62604]
[null,null,"急流槽（边沟、平台沟）","207-4-b-2","急流槽M7.5浆砌片石","m3",163.54,360,58874]
[{"$nulls":3},"207-4-c-2","急流槽C20现浇砼","m3",0,260,0]
[{"$nulls":3},"207-4-e-2","急流槽M7.5浆砌水泥砖","m3",0,500,0]
[null,null,"平台沟","207-4-d-1","平台沟C20安装砼","m3",0,150,0]
[null,null,"肋式拱型防护","208-3-a","满铺浆砌片石护坡","m3",60,360,21600]
[{"$nulls":3},"208-4-d-1","肋式拱型预制块安装","m3",61,130,7930]
[null,null,"实体式护面墙","208-3-a","满铺浆砌片石护坡","m3",0,340,0]
[null,null,"涵洞口防护及接沟","207-7-a-2","M7.5浆砌片石铺砌","m3",484,320,154880]
[{"$nulls":3},"207-7-b-3","C25现浇砼铺砌","m3",28.3,120,3396]
[{"$nulls":3},"207-7-c-1","C20预制六棱块安装","m3",350.4,130,45552]
[null,null,"路面急流槽","207-4-c-1","C15现浇砼","m3",28.87,260,7506]
[null,null,"垒石渗水脚趾","208-2","干砌片石护坡","m3",373,270,100710]
[null,null,"桥头护坡(浆砌片石满铺）","208-3-a","满铺浆砌片石护坡","m3",113.3,335,37956]
[null,null,"水塘、水库、湿地护坡A","208-3-a","满铺浆砌片石护坡","m3",539.9,335,180867]
[null,null,"人字骨架基础","208-3-a","满铺浆砌片石护坡","m3",75.9,335,25427]
[null,null,"桥头护坡（六棱块）基础","208-3-a","满铺浆砌片石护坡","m3",0,335,0]
[null,null,"桥头护坡","208-3-c-2","C20现浇砼","m3",31.5,230,7245]
[null,null,"下边坡防护","208-4-b-1","桥头护坡（六棱块）安装","m3",0,130,0]
[{"$nulls":3},"208-4-d-1","人字骨架护坡安装","m3",87.6,130,11388]
[null,null,"排水沟","207-2-a-2","M7.5浆砌片石","m3",4052.6200000000003,340,1377891]
[{"$nulls":3},"207-2-c-2","C20现浇砼","m3",0,225,0]
[{"$nulls":3},"207-2-d-1","C20预制安装砼","m3",163.70000000000002,100,16370]
[null,null,"合计",{"$nulls":5},2551981]
[]
["08标K14+770-K15+400","1、边沟土石方开挖、回填及整平，浆砌片石的砌筑（片石、砂浆由乙方负责），模板安装及拆除，预制块的搬运及安装，砼浇筑及养护，盲沟施工（碎石、土工布由乙方负责），软式透水管安装（透水管由乙方负责）；           2、急流槽土石方开挖、回填及整平，浆砌片石砌筑（片石、砂浆由乙方负责），水泥砖的砌筑（水泥砖、砂浆由乙方负责），模板安装及拆除，砼浇筑及养护，伸缩缝的设置等；                  3、平台沟的土石方开挖及整平，预制块安装及搬运，平台沟上侧砂浆抹面（砂浆由乙方提供）；                 4、肋式骨架、人字骨架、六棱块等土石方开挖及回填、预制块的安装、搬运及预制块内的种植土填充；                   5、满砌护坡的土石方开挖及整平，片石砌筑（片石、砂浆由乙方负责）、勾缝及养护。                   6、排水沟土石方开挖及整平，片石砌筑（片石、砂浆由乙方负责）、勾缝及养护，模板安装及拆除，砼浇筑及养护，预制块的安装及搬运。","边沟","207-1-a-2","边沟M7.5浆砌片石","m3",22.499999999999996,335,7538,"砼、预制块由甲方提供，其他材料及设备由乙方负责"]
[{"$nulls":3},"207-1-c-2","边沟C20现浇砼","m3",1335.13,225,300404]
[{"$nulls":3},"207-1-d-1","边沟梳型预制块安装","m3",2.9400000000000004,80,235]
[{"$nulls":3},"207-1-e-201","边沟C25安装砼盖板","m3",49,80,3920]
[{"$nulls":3},"207-1-g-2","边沟M7.5浆砌水泥砖","m3",310.29999999999995,470,145841]
[null,null,"急流槽（边沟、平台沟）","207-4-b-2","急流槽M7.5浆砌片石","m3",0,360,0]
[{"$nulls":3},"207-4-c-2","急流槽C20现浇砼","m3",71.2,260,18512]
[{"$nulls":3},"207-4-e-2","急流槽M7.5浆砌水泥砖","m3",40.300000000000004,500,20150]
[null,null,"平台沟","207-4-d-1","平台沟C20安装砼","m3",80,150,12000]
[null,null,"肋式拱型防护","208-3-a","满铺浆砌片石护坡","m3",44.87,360,16153]
[{"$nulls":3},"208-4-d-1","肋式拱型预制块安装","m3",53.22,130,6919]
[null,null,"实体式护面墙","208-3-a","满铺浆砌片石护坡","m3",4816.4400000000005,340,1637590]
[null,null,"涵洞口防护及接沟","207-7-a-2","M7.5浆砌片石铺砌","m3",88,320,28160]
[{"$nulls":3},"207-7-b-3","C25现浇砼铺砌","m3",4.2,120,504]
[{"$nulls":3},"207-7-c-1","C20预制六棱块安装","m3",193.3,130,25129]
[null,null,"路面急流槽","207-4-c-1","C15现浇砼","m3",0,260,0]
[null,null,"垒石渗水脚趾","208-2","干砌片石护坡","m3",0,270,0]
[null,null,"桥头护坡(浆砌片石满铺）","208-3-a","满铺浆砌片石护坡","m3",0,335,0]
[null,null,"水塘、水库、湿地护坡A","208-3-a","满铺浆砌片石护坡","m3",0,335,0]
[null,null,"人字骨架基础","208-3-a","满铺浆砌片石护坡","m3",22.3,335,7471]
[null,null,"桥头护坡（六棱块）基础","208-3-a","满铺浆砌片石护坡","m3",0,335,0]
[null,null,"桥头护坡","208-3-c-2","C20现浇砼","m3",0,230,0]
[null,null,"下边坡防护","208-4-b-1","桥头护坡（六棱块）安装","m3",0,130,0]
[{"$nulls":3},"208-4-d-1","人字骨架护坡安装","m3",23.1,130,3003]
[null,null,"排水沟","207-2-a-2","M7.5浆砌片石","m3",79.04,340,26874]
[{"$nulls":3},"207-2-c-2","C20现浇砼","m3",0,225,0]
[{"$nulls":3},"207-2-d-1","C20预制安装砼","m3",12.830000000000002,100,1283]
[null,null,"合计",{"$nulls":5},2261686]
[]
["09标K15+400-K18+000","1、边沟土石方开挖、回填及整平，浆砌片石的砌筑（片石、砂浆由乙方负责），模板安装及拆除，预制块的搬运及安装，砼浇筑及养护，盲沟施工（碎石、土工布由乙方负责），软式透水管安装（透水管由乙方负责）；           2、急流槽土石方开挖、回填及整平，浆砌片石砌筑（片石、砂浆由乙方负责），水泥砖的砌筑（水泥砖、砂浆由乙方负责），模板安装及拆除，砼浇筑及养护，伸缩缝的设置等；                  3、平台沟的土石方开挖及整平，预制块安装及搬运，平台沟上侧砂浆抹面（砂浆由乙方提供）；                 4、肋式骨架、人字骨架、六棱块等土石方开挖及回填、预制块的安装、搬运及预制块内的种植土填充；                   5、满砌护坡的土石方开挖及整平，片石砌筑（片石、砂浆由乙方负责）、勾缝及养护。                   6、排水沟土石方开挖及整平，片石砌筑（片石、砂浆由乙方负责）、勾缝及养护，模板安装及拆除，砼浇筑及养护，预制块的安装及搬运。","边沟","207-1-a-2","边沟M7.5浆砌片石","m3",54.99000000000001,335,18422,"砼、预制块由甲方提供，其他材料及设备由乙方负责"]
[{"$nulls":3},"207-1-c-2","边沟C20现浇砼","m3",1049.1,225,236048]
[{"$nulls":3},"207-1-d-1","边沟梳型预制块安装","m3",7.610000000000002,80,609]
[{"$nulls":3},"207-1-e-201","边沟C25安装砼盖板","m3",95.6,80,7648]
[{"$nulls":3},"207-1-g-2","边沟M7.5浆砌水泥砖","m3",79.1,470,37177]
[null,null,"急流槽（边沟、平台沟）","207-4-b-2","急流槽M7.5浆砌片石","m3",327.08000000000004,360,117749]
[{"$nulls":3},"207-4-c-2","急流槽C20现浇砼","m3",6.5,260,1690]
[{"$nulls":3},"207-4-e-2","急流槽M7.5浆砌水泥砖","m3",3.9,500,1950]
[null,null,"平台沟","207-4-d-1","平台沟C20安装砼","m3",5.5,150,825]
[null,null,"肋式拱型防护","208-3-a","满铺浆砌片石护坡","m3",31.61,360,11380]
[{"$nulls":3},"208-4-d-1","肋式拱型预制块安装","m3",40.54,130,5270]
[null,null,"实体式护面墙","208-3-a","满铺浆砌片石护坡","m3",3142.4,340,1068416]
[null,null,"涵洞口防护及接沟","207-7-a-2","M7.5浆砌片石铺砌","m3",660,320,211200]
[{"$nulls":3},"207-7-b-3","C25现浇砼铺砌","m3",40.6,120,4872]
[{"$nulls":3},"207-7-c-1","C20预制六棱块安装","m3",984.7,130,128011]
[null,null,"路面急流槽","207-4-c-1","C15现浇砼","m3",34.632000000000005,260,9004]
[null,null,"垒石渗水脚趾","208-2","干砌片石护坡","m3",103,270,27810]
[null,null,"桥头护坡(浆砌片石满铺）","208-3-a","满铺浆砌片石护坡","m3",157.89999999999998,335,52897]
[null,null,"水塘、水库、湿地护坡A","208-3-a","满铺浆砌片石护坡","m3",147.5,335,49413]
[null,null,"人字骨架基础","208-3-a","满铺浆砌片石护坡","m3",99.80000000000001,335,33433]
[null,null,"桥头护坡（六棱块）基础","208-3-a","满铺浆砌片石护坡","m3",0,335,0]
[null,null,"桥头护坡","208-3-c-2","C20现浇砼","m3",36,230,8280]
[null,null,"下边坡防护","208-4-b-1","桥头护坡（六棱块）安装","m3",0,130,0]
[{"$nulls":3},"208-4-d-1","人字骨架护坡安装","m3",114.3,130,14859]
[null,null,"排水沟","207-2-a-2","M7.5浆砌片石","m3",4014.8500000000004,340,1365049]
[{"$nulls":3},"207-2-c-2","C20现浇砼","m3",0,225,0]
[{"$nulls":3},"207-2-d-1","C20预制安装砼","m3",382.86,100,38286]
[null,null,"合计",{"$nulls":5},3450298]
[]
["10标K18+000-K22+000","1、边沟土石方开挖、回填及整平，浆砌片石的砌筑（片石、砂浆由乙方负责），模板安装及拆除，预制块的搬运及安装，砼浇筑及养护，盲沟施工（碎石、土工布由乙方负责），软式透水管安装（透水管由乙方负责）；           2、急流槽土石方开挖、回填及整平，浆砌片石砌筑（片石、砂浆由乙方负责），水泥砖的砌筑（水泥砖、砂浆由乙方负责），模板安装及拆除，砼浇筑及养护，伸缩缝的设置等；                  3、平台沟的土石方开挖及整平，预制块安装及搬运，平台沟上侧砂浆抹面（砂浆由乙方提供）；                 4、肋式骨架、人字骨架、六棱块等土石方开挖及回填、预制块的安装、搬运及预制块内的种植土填充；                   5、满砌护坡的土石方开挖及整平，片石砌筑（片石、砂浆由乙方负责）、勾缝及养护。                   6、排水沟土石方开挖及整平，片石砌筑（片石、砂浆由乙方负责）、勾缝及养护，模板安装及拆除，砼浇筑及养护，预制块的安装及搬运。","边沟","207-1-a-2","边沟M7.5浆砌片石","m3",75.67000000000002,335,25349,"砼、预制块由甲方提供，其他材料及设备由乙方负责"]
[{"$nulls":3},"207-1-c-2","边沟C20现浇砼","m3",2683.03,225,603682]
[{"$nulls":3},"207-1-d-1","边沟梳型预制块安装","m3",10.290000000000003,80,823]
[{"$nulls":3},"207-1-e-201","边沟C25安装砼盖板","m3",159.9,80,12792]
[{"$nulls":3},"207-1-g-2","边沟M7.5浆砌水泥砖","m3",198.3,470,93201]
[null,null,"急流槽（边沟、平台沟）","207-4-b-2","急流槽M7.5浆砌片石","m3",0,360,0]
[{"$nulls":3},"207-4-c-2","急流槽C20现浇砼","m3",0,260,0]
[{"$nulls":3},"207-4-e-2","急流槽M7.5浆砌水泥砖","m3",0,500,0]
[null,null,"平台沟","207-4-d-1","平台沟C20安装砼","m3",0,150,0]
[null,null,"肋式拱型防护","208-3-a","满铺浆砌片石护坡","m3",0,360,0]
[{"$nulls":3},"208-4-d-1","肋式拱型预制块安装","m3",0,130,0]
[null,null,"实体式护面墙","208-3-a","满铺浆砌片石护坡","m3",0,340,0]
[null,null,"涵洞口防护及接沟","207-7-a-2","M7.5浆砌片石铺砌","m3",924,320,295680]
[{"$nulls":3},"207-7-b-3","C25现浇砼铺砌","m3",59.00000000000001,120,7080]
[{"$nulls":3},"207-7-c-1","C20预制六棱块安装","m3",1682,130,218660]
[null,null,"路面急流槽","207-4-c-1","C15现浇砼","m3",49.706,260,12924]
[null,null,"垒石渗水脚趾","208-2","干砌片石护坡","m3",589,270,159030]
[null,null,"桥头护坡(浆砌片石满铺）","208-3-a","满铺浆砌片石护坡","m3",0,335,0]
[null,null,"水塘、水库、湿地护坡A","208-3-a","满铺浆砌片石护坡","m3",480.6,335,161001]
[null,null,"人字骨架基础","208-3-a","满铺浆砌片石护坡","m3",477.19999999999993,335,159862]
[null,null,"桥头护坡（六棱块）基础","208-3-a","满铺浆砌片石护坡","m3",0,335,0]
[null,null,"桥头护坡","208-3-c-2","C20现浇砼","m3",0,230,0]
[null,null,"下边坡防护","208-4-b-1","桥头护坡（六棱块）安装","m3",0,130,0]
[{"$nulls":3},"208-4-d-1","人字骨架护坡安装","m3",533.1000000000001,130,69303]
[null,null,"排水沟","207-2-a-2","M7.5浆砌片石","m3",4036.7800000000007,340,1372505]
[{"$nulls":3},"207-2-c-2","C20现浇砼","m3",0,225,0]
[{"$nulls":3},"207-2-d-1","C20预制安装砼","m3",475.88000000000005,100,47588]
[null,null,"合计",{"$nulls":5},3239480]
["11标K22+000-K24+000","1、边沟土石方开挖、回填及整平，浆砌片石的砌筑（片石、砂浆由乙方负责），模板安装及拆除，预制块的搬运及安装，砼浇筑及养护，盲沟施工（碎石、土工布由乙方负责），软式透水管安装（透水管由乙方负责）；           2、急流槽土石方开挖、回填及整平，浆砌片石砌筑（片石、砂浆由乙方负责），水泥砖的砌筑（水泥砖、砂浆由乙方负责），模板安装及拆除，砼浇筑及养护，伸缩缝的设置等；                  3、平台沟的土石方开挖及整平，预制块安装及搬运，平台沟上侧砂浆抹面（砂浆由乙方提供）；                 4、肋式骨架、人字骨架、六棱块等土石方开挖及回填、预制块的安装、搬运及预制块内的种植土填充；                   5、满砌护坡的土石方开挖及整平，片石砌筑（片石、砂浆由乙方负责）、勾缝及养护。                   6、排水沟土石方开挖及整平，片石砌筑（片石、砂浆由乙方负责）、勾缝及养护，模板安装及拆除，砼浇筑及养护，预制块的安装及搬运。","边沟","207-1-a-2","边沟M7.5浆砌片石","m3",32.65,335,10938,"砼、预制块由甲方提供，其他材料及设备由乙方负责"]
[{"$nulls":3},"207-1-c-2","边沟C20现浇砼","m3",1317.9,225,296528]
[{"$nulls":3},"207-1-d-1","边沟梳型预制块安装","m3",4.390000000000001,80,351]
[{"$nulls":3},"207-1-e-201","边沟C25安装砼盖板","m3",84.88,80,6790]
[{"$nulls":3},"207-1-g-2","边沟M7.5浆砌水泥砖","m3",97.71999999999998,470,45928]
[null,null,"急流槽（边沟、平台沟）","207-4-b-2","急流槽M7.5浆砌片石","m3",0,360,0]
[{"$nulls":3},"207-4-c-2","急流槽C20现浇砼","m3",0,260,0]
[{"$nulls":3},"207-4-e-2","急流槽M7.5浆砌水泥砖","m3",0,500,0]
[null,null,"平台沟","207-4-d-1","平台沟C20安装砼","m3",0,150,0]
[null,null,"肋式拱型防护","208-3-a","满铺浆砌片石护坡","m3",0,360,0]
[{"$nulls":3},"208-4-d-1","肋式拱型预制块安装","m3",0,130,0]
[null,null,"实体式护面墙","208-3-a","满铺浆砌片石护坡","m3",0,340,0]
[null,null,"涵洞口防护及接沟","207-7-a-2","M7.5浆砌片石铺砌","m3",616,320,197120]
[{"$nulls":3},"207-7-b-3","C25现浇砼铺砌","m3",27.1,120,3252]
[{"$nulls":3},"207-7-c-1","C20预制六棱块安装","m3",1106.8,130,143884]
[null,null,"路面急流槽","207-4-c-1","C15现浇砼","m3",4.798,260,1247]
[null,null,"垒石渗水脚趾","208-2","干砌片石护坡","m3",0,270,0]
[null,null,"桥头护坡(浆砌片石满铺）","208-3-a","满铺浆砌片石护坡","m3",784.5,335,262808]
[null,null,"水塘、水库、湿地护坡A","208-3-a","满铺浆砌片石护坡","m3",0,335,0]
[null,null,"人字骨架基础","208-3-a","满铺浆砌片石护坡","m3",273.3,335,91556]
[null,null,"桥头护坡（六棱块）基础","208-3-a","满铺浆砌片石护坡","m3",0,335,0]
[null,null,"桥头护坡","208-3-c-2","C20现浇砼","m3",22.5,230,5175]
[null,null,"下边坡防护","208-4-b-1","桥头护坡（六棱块）安装","m3",0,130,0]
[{"$nulls":3},"208-4-d-1","人字骨架护坡安装","m3",385.79999999999995,130,50154]
[null,null,"排水沟","207-2-a-2","M7.5浆砌片石","m3",3380.4,340,1149336]
[{"$nulls":3},"207-2-c-2","C20现浇砼","m3",0,225,0]
[{"$nulls":3},"207-2-d-1","C20预制安装砼","m3",377.21,100,37721]
[null,null,"合计",{"$nulls":5},2302788]
["12标K24+000-K25+253","1、边沟土石方开挖、回填及整平，浆砌片石的砌筑（片石、砂浆由乙方负责），模板安装及拆除，预制块的搬运及安装，砼浇筑及养护，盲沟施工（碎石、土工布由乙方负责），软式透水管安装（透水管由乙方负责）；           2、急流槽土石方开挖、回填及整平，浆砌片石砌筑（片石、砂浆由乙方负责），水泥砖的砌筑（水泥砖、砂浆由乙方负责），模板安装及拆除，砼浇筑及养护，伸缩缝的设置等；                  3、平台沟的土石方开挖及整平，预制块安装及搬运，平台沟上侧砂浆抹面（砂浆由乙方提供）；                 4、肋式骨架、人字骨架、六棱块等土石方开挖及回填、预制块的安装、搬运及预制块内的种植土填充；                   5、满砌护坡的土石方开挖及整平，片石砌筑（片石、砂浆由乙方负责）、勾缝及养护。                   6、排水沟土石方开挖及整平，片石砌筑（片石、砂浆由乙方负责）、勾缝及养护，模板安装及拆除，砼浇筑及养护，预制块的安装及搬运。","边沟","207-1-a-2","边沟M7.5浆砌片石","m3",14.23,335,4767,"砼、预制块由甲方提供，其他材料及设备由乙方负责"]
[{"$nulls":3},"207-1-c-2","边沟C20现浇砼","m3",1823.2,225,410220]
[{"$nulls":3},"207-1-d-1","边沟梳型预制块安装","m3",1.93,80,154]
[{"$nulls":3},"207-1-e-201","边沟C25安装砼盖板","m3",100.2,80,8016]
[{"$nulls":3},"207-1-g-2","边沟M7.5浆砌水泥砖","m3",115.48,470,54276]
[null,null,"急流槽（边沟、平台沟）","207-4-b-2","急流槽M7.5浆砌片石","m3",0,360,0]
[{"$nulls":3},"207-4-c-2","急流槽C20现浇砼","m3",49.1,260,12766]
[{"$nulls":3},"207-4-e-2","急流槽M7.5浆砌水泥砖","m3",35.1,500,17550]
[null,null,"平台沟","207-4-d-1","平台沟C20安装砼","m3",80.4,150,12060]
[null,null,"肋式拱型防护","208-3-a","满铺浆砌片石护坡","m3",93.39,360,33620]
[{"$nulls":3},"208-4-d-1","肋式拱型预制块安装","m3",106.02,130,13783]
[null,null,"实体式护面墙","208-3-a","满铺浆砌片石护坡","m3",8186.49,340,2783407]
[null,null,"涵洞口防护及接沟","207-7-a-2","M7.5浆砌片石铺砌","m3",220,320,70400]
[{"$nulls":3},"207-7-b-3","C25现浇砼铺砌","m3",8.3,120,996]
[{"$nulls":3},"207-7-c-1","C20预制六棱块安装","m3",210.3,130,27339]
[null,null,"路面急流槽","207-4-c-1","C15现浇砼","m3",12.67,260,3294]
[null,null,"垒石渗水脚趾","208-2","干砌片石护坡","m3",0,270,0]
[null,null,"桥头护坡(浆砌片石满铺）","208-3-a","满铺浆砌片石护坡","m3",0,335,0]
[null,null,"水塘、水库、湿地护坡A","208-3-a","满铺浆砌片石护坡","m3",0,335,0]
[null,null,"人字骨架基础","208-3-a","满铺浆砌片石护坡","m3",0,335,0]
[null,null,"桥头护坡（六棱块）基础","208-3-a","满铺浆砌片石护坡","m3",0,335,0]
[null,null,"桥头护坡","208-3-c-2","C20现浇砼","m3",0,230,0]
[null,null,"下边坡防护","208-4-b-1","桥头护坡（六棱块）安装","m3",0,130,0]
[{"$nulls":3},"208-4-d-1","人字骨架护坡安装","m3",0,130,0]
[null,null,"排水沟","207-2-a-2","M7.5浆砌片石","m3",689.07,340,234284]
[{"$nulls":3},"207-2-c-2","C20现浇砼","m3",0,225,0]
[{"$nulls":3},"207-2-d-1","C20预制安装砼","m3",133.71,100,13371]
[null,null,"合计",{"$nulls":5},3700303]
[]
["13标","含设备、人员、油品、保养维修等","强夯","205-1-n-201","落锤式强夯","m2",102233.06,10,1022331]
[null,null,"合计",{"$nulls":5},1022331]
[]
["14标","1、锚杆钻孔、安装、注浆、张拉、养护 2、框格梁的钢筋加工、安装，模板架设及拆除，砼浇筑及养护。","框格锚杆","212-4-d","带肋钢筋","kg",72075,0.9,64868,"钢筋、锚杆、砼由甲方提供，其他一切辅助用材及机械设备由乙方提供"]
[{"$nulls":3},"213-3-a","钢筋锚杆","kg",44891,18,808038]
[{"$nulls":3},"213-4-c","C30砼框格梁","m3",661,650,429650]
[null,null,"合计",{"$nulls":5},1302556]
[]
[{"$nulls":8},39691144]